Normal view MARC view
  • कुलकर्णी, पी. के. आणि इतर

Entry Personal Name

Number of records used in: 1

001 - CONTROL NUMBER

  • control field: 216797

003 - CONTROL NUMBER IDENTIFIER

  • control field: OSt

005 - DATE AND TIME OF LATEST TRANSACTION

  • control field: 20260302092626.0

008 - FIXED-LENGTH DATA ELEMENTS

  • fixed length control field: 260302|| aca||aabn | a|a d

040 ## - CATALOGING SOURCE

  • Original cataloging agency: OSt
  • Transcribing agency: OSt

100 ## - HEADING--PERSONAL NAME

  • Personal name: कुलकर्णी, पी. के. आणि इतर

670 ## - SOURCE DATA FOUND

  • Source citation: Work cat.: (OSt)370531: कुलकर्णी, पी. के. आणि इतर , समाजशास्राची ओळख ( F. Y. B.Com. )